|
|
|
|
| LEADER |
00000cam a2200000 c 4500 |
| 001 |
160615365X |
| 003 |
DE-627 |
| 005 |
20251225192614.0 |
| 007 |
tu |
| 008 |
030724s2003 xxu||||| 00| ||eng c |
| 010 |
|
|
|a 2002028047
|
| 020 |
|
|
|a 0735534748
|c (alk. paper)
|9 0-7355-3474-8
|
| 024 |
3 |
|
|a 9780735534742
|
| 035 |
|
|
|a (DE-627)160615365X
|
| 035 |
|
|
|a (DE-576)106134469
|
| 035 |
|
|
|a (DE-599)BSZ106134469
|
| 035 |
|
|
|a (OCoLC)237025982
|
| 035 |
|
|
|a (OCoLC)50866766
|
| 035 |
|
|
|a (DE-604)BV014841991
|
| 040 |
|
|
|a DE-627
|b ger
|c DE-627
|e rakwb
|
| 041 |
|
|
|a eng
|
| 044 |
|
|
|c XD-US
|
| 050 |
|
0 |
|a K487.E3P67 2002
|
| 050 |
|
0 |
|a K487.E3
|
| 082 |
0 |
|
|a 349.73
|
| 084 |
|
|
|a QD 050
|2 rvk
|0 (DE-625)rvk/141282:
|
| 084 |
|
|
|a PC 1120
|2 rvk
|0 (DE-625)rvk/135002:
|
| 084 |
|
|
|a MS 6800
|2 rvk
|0 (DE-625)rvk/123768:
|
| 084 |
|
|
|a QC 160
|2 rvk
|0 (DE-625)rvk/141257:
|
| 084 |
|
|
|a QB 100
|2 rvk
|0 (DE-625)rvk/141210:
|
| 084 |
|
|
|a PU 5300
|2 rvk
|0 (DE-625)rvk/140625:
|
| 084 |
|
|
|a MG 70910
|2 rvk
|0 (DE-625)rvk/122860:12222
|
| 084 |
|
|
|a PE 325
|2 rvk
|0 (DE-625)rvk/135459:
|
| 084 |
|
|
|a PI 4130
|2 rvk
|0 (DE-625)rvk/136626:
|
| 084 |
|
|
|a 86.65
|2 bkl
|
| 100 |
1 |
|
|a Posner, Richard A.
|d 1939-
|0 (DE-588)128423986
|0 (DE-627)372658806
|0 (DE-576)16259870X
|4 aut
|
| 109 |
|
|
|a Posner, Richard A. 1939-
|a Posner, Richard 1939-
|a Posner, Richard Allen 1939-
|a Bosina 1939-
|
| 245 |
1 |
0 |
|a Economic analysis of law
|c Richard A. Posner
|
| 250 |
|
|
|a 6. ed.
|
| 264 |
|
1 |
|a New York, NY
|b Aspen Publ.
|c 2003
|
| 300 |
|
|
|a XX, 747 S.
|b graph. Darst.
|
| 336 |
|
|
|a Text
|b txt
|2 rdacontent
|
| 337 |
|
|
|a ohne Hilfsmittel zu benutzen
|b n
|2 rdamedia
|
| 338 |
|
|
|a Band
|b nc
|2 rdacarrier
|
| 500 |
|
|
|a Includes bibliographical references and indexes
|
| 583 |
1 |
|
|a Archivierung prüfen
|c 20240324
|f DE-4165
|z 1
|2 pdager
|
| 650 |
|
0 |
|a Law and economics
|
| 689 |
0 |
0 |
|d s
|0 (DE-588)4135492-8
|0 (DE-627)105664707
|0 (DE-576)209661216
|a Ökonomische Theorie des Rechts
|2 gnd
|
| 689 |
0 |
|
|5 DE-101
|
| 689 |
1 |
0 |
|d s
|0 (DE-588)4135492-8
|0 (DE-627)105664707
|0 (DE-576)209661216
|a Ökonomische Theorie des Rechts
|2 gnd
|
| 689 |
1 |
1 |
|d s
|0 (DE-588)4066510-0
|0 (DE-627)106113305
|0 (DE-576)209164875
|a Wirtschaftsrecht
|2 gnd
|
| 689 |
1 |
|
|5 (DE-627)
|
| 689 |
2 |
0 |
|d s
|0 (DE-588)4135492-8
|0 (DE-627)105664707
|0 (DE-576)209661216
|a Ökonomische Theorie des Rechts
|2 gnd
|
| 689 |
2 |
1 |
|d s
|0 (DE-588)4066510-0
|0 (DE-627)106113305
|0 (DE-576)209164875
|a Wirtschaftsrecht
|2 gnd
|
| 689 |
2 |
|
|5 (DE-627)
|
| 856 |
4 |
2 |
|u http://www.gbv.de/dms/sbb-berlin/355958163.pdf
|m V:DE-601
|m B:DE-1
|q pdf/application
|x Verlag
|y Inhaltsverzeichnis
|3 Inhaltsverzeichnis
|7 1
|
| 889 |
|
|
|w (DE-627)355958163
|
| 935 |
|
|
|i mdedup
|
| 936 |
r |
v |
|a QD 050
|b Neue Politische Ökonomie
|k Wirtschaftswissenschaften
|k Allgemeine Wirtschaftspolitik. Wirtschaftssysteme
|k Allgemeine Wirtschaftspolitik
|k Neue Politische Ökonomie
|0 (DE-627)1271530090
|0 (DE-625)rvk/141282:
|0 (DE-576)201530090
|
| 936 |
r |
v |
|a PC 1120
|b zur Rechtsphilosophie, Rechtssoziologie
|k Rechtswissenschaft
|k Allgemeines zum juristischen Studium und zur Rechtswissenschaft
|k Bibliografien und Kataloge
|k Allgemein und einzelne Fächer
|k Bibliografien und Kataloge
|k zur Rechtsphilosophie, Rechtssoziologie
|0 (DE-627)1271141302
|0 (DE-625)rvk/135002:
|0 (DE-576)201141302
|
| 936 |
r |
v |
|a MS 6800
|b Allgemeines, Recht und Gesellschaft
|k Soziologie
|k Spezielle Soziologien
|k Rechtssoziologie
|k Allgemeines, Recht und Gesellschaft
|0 (DE-627)1271441519
|0 (DE-625)rvk/123768:
|0 (DE-576)201441519
|
| 936 |
r |
v |
|a QC 160
|b Welfare Economics. Normative Theorie. Werturteilsproblem
|k Wirtschaftswissenschaften
|k Wirtschaftstheorie, einschließlich Geldtheorie
|k Wert-, Preis- und Allokationstheorie
|k Preis und Märkte. Unternehmenstheorie. Theorie des Industriezweiges (Branche oder Teilaggregat). Institutionenökonomie
|k Welfare Economics. Normative Theorie. Werturteilsproblem
|0 (DE-627)127149714X
|0 (DE-625)rvk/141257:
|0 (DE-576)20149714X
|
| 936 |
r |
v |
|a QB 100
|b Reichweite und Methoden der Wirtschaftswissenschaften
|k Wirtschaftswissenschaften
|k Allgemeines. Methoden der Wirtschaftswissenschaften. Unterrichts- und Ausbildungsmethoden in den Wirtschaftswissenschaften, Wirtschaftspädagogik
|k Allgemeines
|k Reichweite und Methoden der Wirtschaftswissenschaften
|0 (DE-627)1270876902
|0 (DE-625)rvk/141210:
|0 (DE-576)200876902
|
| 936 |
r |
v |
|a PU 5300
|b Gesamtdarstellungen (US-amerikanisches Recht überhaupt und Zivilrecht)
|k Rechtswissenschaft
|k Ausländisches Privatrecht, Privatrechtsvergleichung und -vereinheitlichung
|k Einzelne Länder
|k USA
|k Gesamtdarstellungen (US-amerikanisches Recht überhaupt und Zivilrecht)
|0 (DE-627)1271216418
|0 (DE-625)rvk/140625:
|0 (DE-576)201216418
|
| 936 |
r |
v |
|a MG 70910
|b Finanz-, Wirtschafts- und Agrarpolitik
|k Politologie
|k Politische Systeme einzelner Länder
|k Europa, Nordamerika
|k Nordamerika
|k USA
|k Einzelne politische Sachgebiete
|k Finanz-, Wirtschafts- und Agrarpolitik
|0 (DE-627)1271480727
|0 (DE-625)rvk/122860:12222
|0 (DE-576)201480727
|
| 936 |
r |
v |
|a PE 325
|b Gesamtdarstellungen, insbesondere zum gesamten (privaten) Wirtschaftsrecht
|k Rechtswissenschaft
|k Handelsrecht, Gesellschafts- und Unternehmensrecht sowie sonstiges privates Wirtschaftsrecht
|k Allgemeines
|k Gesamtdarstellungen, insbesondere zum gesamten (privaten) Wirtschaftsrecht
|0 (DE-627)1271237636
|0 (DE-625)rvk/135459:
|0 (DE-576)201237636
|
| 936 |
r |
v |
|a PI 4130
|b Beziehung des Rechts zu anderen Wissenschaften (nicht zur Soziologie), Ökonomische Theorie des Rechts
|k Rechtswissenschaft
|k Allgemeine Rechtslehre und Rechtstheorie, Rechts- und Staatsphilosophie, Rechtssoziologie
|k Recht als Kulturerscheinung
|k Beziehung des Rechts zu anderen Wissenschaften (nicht zur Soziologie), Ökonomische Theorie des Rechts
|0 (DE-627)1271266393
|0 (DE-625)rvk/136626:
|0 (DE-576)201266393
|
| 936 |
b |
k |
|a 86.65
|j Wirtschaftsrecht
|0 (DE-627)106422367
|
| 951 |
|
|
|a BO
|
| ELC |
|
|
|b 1
|
| LOK |
|
|
|0 000 xxxxxcx a22 zn 4500
|
| LOK |
|
|
|0 001 3118009918
|
| LOK |
|
|
|0 003 DE-627
|
| LOK |
|
|
|0 004 160615365X
|
| LOK |
|
|
|0 005 20040712000000
|
| LOK |
|
|
|0 008 040712||||||||||||||||ger|||||||
|
| LOK |
|
|
|0 040
|a DE-21
|c DE-627
|d DE-21
|
| LOK |
|
|
|0 852
|a DE-21
|
| LOK |
|
|
|0 852 1
|c KB 20 A 519
|9 00
|
| LOK |
|
|
|0 935
|a krim
|
| LOK |
|
|
|0 936ln
|a k2.6
|
| LOK |
|
|
|0 939
|a 12-07-04
|b l01
|
| ORI |
|
|
|a SA-MARC-krimdoka001.raw
|
| SIG |
|
|
|a UB: KB 20 A 519
|